000 00519nam a22001937a 4500
003 KOHA_MİRAKIL
005 20250416172852.0
008 250416b tu ||||| |||| 00| 0 tur d
020 _a9789752208643
040 _aTR-AnABB
_btur
_cTR-AnABB
041 _atur
082 _a828.334
_bLON 2023
100 1 _aLondon, Jack,
245 1 0 _aDeniz kurdu /
_cJack London
260 _aAnkara :
_bBilgi Yayınevi,
_c2023
300 _a399 sayfa ;
_c20 cm
650 0 4 _aAmerikan edebiyatı, roman
942 _2ddc
_cBK
999 _c8724
_d8724
900 _bGizem YORULMAZ